<?xml version="1.0" encoding="UTF-8"?>
<record
    xmlns:xsi="http://www.w3.org/2001/XMLSchema-instance"
    xsi:schemaLocation="http://www.loc.gov/MARC21/slim http://www.loc.gov/standards/marcxml/schema/MARC21slim.xsd"
    xmlns="http://www.loc.gov/MARC21/slim">

  <leader>00534nam a22001337a 4500</leader>
  <controlfield tag="008">230427b        |||||||| |||| 00| 0 eng d</controlfield>
  <datafield tag="040" ind1=" " ind2=" ">
    <subfield code="a">National Science Library</subfield>
    <subfield code="c">National Science Library</subfield>
  </datafield>
  <datafield tag="080" ind1=" " ind2=" ">
    <subfield code="a">504.064(082.2) </subfield>
    <subfield code="b">P2</subfield>
  </datafield>
  <datafield tag="245" ind1=" " ind2=" ">
    <subfield code="a">National conference on appropriate technologies for industrial pollution control and environmental management: </subfield>
    <subfield code="b">22-23 November, 2002</subfield>
    <subfield code="c">/ Department of Civil Engineering</subfield>
  </datafield>
  <datafield tag="260" ind1=" " ind2=" ">
    <subfield code="a">Tirupati: </subfield>
    <subfield code="b">Department of Civil Engineering, </subfield>
    <subfield code="c">2002</subfield>
  </datafield>
  <datafield tag="300" ind1=" " ind2=" ">
    <subfield code="a">155p.</subfield>
  </datafield>
  <datafield tag="650" ind1=" " ind2=" ">
    <subfield code="a">Science</subfield>
  </datafield>
  <datafield tag="942" ind1=" " ind2=" ">
    <subfield code="2">udc</subfield>
    <subfield code="c">PR</subfield>
  </datafield>
  <datafield tag="999" ind1=" " ind2=" ">
    <subfield code="c">24502</subfield>
    <subfield code="d">24502</subfield>
  </datafield>
  <datafield tag="952" ind1=" " ind2=" ">
    <subfield code="0">0</subfield>
    <subfield code="1">0</subfield>
    <subfield code="2">udc</subfield>
    <subfield code="4">0</subfield>
    <subfield code="6">5040640822_P2</subfield>
    <subfield code="7">0</subfield>
    <subfield code="9">35977</subfield>
    <subfield code="a">NSL</subfield>
    <subfield code="b">NSL</subfield>
    <subfield code="c">GF/Rk-5/C-21/R-4</subfield>
    <subfield code="d">2003-01-24</subfield>
    <subfield code="l">0</subfield>
    <subfield code="o">504.064(082.2) P2</subfield>
    <subfield code="p">180396</subfield>
    <subfield code="r">2023-04-27 00:00:00</subfield>
    <subfield code="w">2003-01-24</subfield>
    <subfield code="y">PR</subfield>
  </datafield>
</record>
